[Event "Accession A 2019/2020"]
[Site "Vitrolles"]
[Date "2020.01.25"]
[Round "6"]
[White "Beraud, Robert"]
[Black "Roger, Patrick"]
[Result "0-1"]
[WhiteElo "1698"]
[BlackElo "1626"]
[PlyCount "152"]

1. e4 c6 2. d4 d5 3. exd5 cxd5 4. Bd3 Nf6 5. c3 Nbd7 6. Nf3 e6 7. Bf4 Be7 8.
O-O O-O 9. Re1 Re8 10. Qc2 Nf8 11. Ne5 Nh5 12. Bc1 Bg5 13. Nd2 Nf4 14. Bb5 Bd7
15. Nxd7 Nxd7 16. Nf3 f6 17. h4 Bh6 18. g3 Ng6 19. Bxh6 gxh6 20. h5 Ngf8 21.
Qd2 Kg7 22. Re2 Qe7 23. Qf4 Qf7 24. Qg4+ Kh8 25. Rae1 Re7 26. Nh4 Rae8 27. Qf3
a6 28. Ba4 b5 29. Bc2 f5 30. Ng2 Nf6 31. Nf4 Ng4 32. Qg2 Nf6 33. Qf3 Ng4 34.
Bb3 Nf6 35. a3 Ne4 36. Qg2 Nf6 37. Qf3 Ne4 38. Qg2 Nf6 39. Qh3 Ne4 40. f3 Ng5
41. Qg2 Nd7 42. Re3 Nf6 43. Qh2 e5 44. dxe5 Rxe5 45. Qf2 Rxe3 46. Rxe3 Nxh5 47.
Rxe8+ Qxe8 48. Qd4+ Ng7 49. Bxd5 Qe1+ 50. Kg2 Qc1 51. Qf2 Ne8 52. Qe2 Nf6 53.
Nd3 Qb1 54. Bb7 Qa2 55. Nb4 Qf7 56. Bxa6 Qh5 57. Kf2 Qh2+ 58. Ke3 Qxg3 59. Bxb5
f4+ 60. Kd2 Nxf3+ 61. Kc2 Qg6+ 62. Kb3 Ng5 63. Bd3 Qf7+ 64. Kc2 f3 65. Qe5 Qe6
66. Qxe6 Nxe6 67. Kd2 Ng5 68. Ke1 Ng4 69. a4 h5 70. a5 h4 71. Bf1 h3 72. Bxh3
Nxh3 73. a6 f2+ 74. Ke2 Ne3 75. Nd3 f1=Q+ 76. Kxe3 Qf6 0-1

[Event "Accession A 2019/2020"]
[Site "Vitrolles"]
[Date "2020.02.08"]
[Round "7"]
[White "Padilla, Eller"]
[Black "Piquemal, Maxence"]
[Result "1-0"]
[WhiteElo "1853"]
[BlackElo "1695"]
[PlyCount "63"]

1. e4 e6 2. d4 d5 3. Nc3 Nf6 4. e5 Nfd7 5. f4 c5 6. Nf3 Nc6 7. Be3 Qb6 8. a3
cxd4 9. Nxd4 Bc5 10. Na4 Qa5+ 11. c3 Nxd4 12. Bxd4 Bxd4 13. Qxd4 O-O 14. Bd3 b6
15. Qb4 Nc5 16. Qxa5 Nxd3+ 17. Kd2 bxa5 18. Kxd3 Ba6+ 19. Kd4 Bb5 20. Nc5 a4
21. Rab1 Bc4 22. Nxa4 Bb3 23. Nc5 Rfb8 24. Ra1 a5 25. a4 Rb6 26. Ra3 Bc2 27. b3
f6 28. Ra2 fxe5+ 29. fxe5 Bg6 30. Rf1 Rf8 31. Rxf8+ Kxf8 32. Nd7+ 1-0

[Event "Accession A 2019/2020"]
[Site "Vitrolles"]
[Date "2020.02.08"]
[Round "7"]
[White "Cleaud, Cyril"]
[Black "Colandrea, Sauveur"]
[Result "1-0"]
[WhiteElo "1719"]
[BlackElo "1640"]
[PlyCount "41"]

1. e4 Nf6 2. Nf3 g6 3. c4 Bg7 4. Nc3 d6 5. d4 O-O 6. Be3 e5 7. h3 exd4 8. Nxd4
Re8 9. Bd3 Nc6 10. Nb3 Ne5 11. O-O c5 12. f4 Nc6 13. Qf3 Nd4 14. Nxd4 cxd4 15.
Bxd4 Bd7 16. Rad1 Bc6 17. f5 Re5 18. Bxe5 dxe5 19. Bb1 Qb6+ 20. Rf2 Bf8 21.
fxg6 1-0

[Event "Accession A 2019/2020"]
[Site "Vitrolles"]
[Date "2020.02.08"]
[Round "7"]
[White "Mars, Fiona"]
[Black "Vinet, Christophe"]
[Result "1/2-1/2"]
[WhiteElo "1802"]
[BlackElo "1709"]
[PlyCount "109"]

1. Nf3 d5 2. e3 c5 3. d4 Nf6 4. b3 Nc6 5. Bb2 e6 6. Bd3 Bd6 7. O-O cxd4 8. exd4
O-O 9. c4 b6 10. Nbd2 Bb7 11. Ne5 Rc8 12. Rc1 dxc4 13. Ndxc4 Bb8 14. Qd2 Ne7
15. Ne3 Rxc1 16. Rxc1 Bxe5 17. dxe5 Nfd5 18. Nc4 Nc8 19. Ba3 Re8 20. Nd6 Nxd6
21. Bxd6 Qh4 22. Rc4 Qh6 23. Qxh6 gxh6 24. Rg4+ Kh8 25. h3 Rg8 26. Rxg8+ Kxg8
27. g3 Kg7 28. Kf1 a6 29. a4 Nc3 30. Ke1 b5 31. axb5 Nxb5 32. Bc5 h5 33. h4 Bf3
34. Kd2 h6 35. b4 f6 36. Ke3 Bd5 37. Kf4 f5 38. Ke3 Bb7 39. Kd2 Nc7 40. f4 Bd5
41. Kc2 Nb5 42. Kb2 Kf7 43. Be2 Kg6 44. Bb6 Bb7 45. Kc2 Bd5 46. Kd3 Bb3 47. Bf3
Bd5 48. Ke3 Bxf3 49. Kxf3 Kf7 50. Bc5 Ke8 51. Ke3 Kd7 52. Bf8 Kc6 53. Bxh6 Nc3
54. Kd3 Ne4 55. Kc4 1/2-1/2

[Event "Accession A 2019/2020"]
[Site "Vitrolles"]
[Date "2020.02.08"]
[Round "7"]
[White "Duval, Jean-Pierre"]
[Black "Beraud, Robert"]
[Result "1/2-1/2"]
[WhiteElo "1635"]
[BlackElo "1698"]
[PlyCount "61"]

1. e4 e5 2. Nf3 Nc6 3. Nc3 Nf6 4. g3 Be7 5. d4 exd4 6. Nxd4 O-O 7. Bg2 Nxd4 8.
Qxd4 d6 9. O-O Re8 10. f4 c6 11. Kh1 Qa5 12. a3 Qh5 13. Bf3 Bg4 14. Qf2 Bxf3+
15. Qxf3 Qxf3+ 16. Rxf3 Bd8 17. Re3 Bb6 18. Re1 Re7 19. Be3 Rae8 20. Bxb6 axb6
21. Rad1 Ng4 22. Kg2 d5 23. h3 Nf6 24. e5 Nd7 25. Kf2 f6 26. exf6 Nxf6 27. Rxe7
Rxe7 28. Re1 Kf7 29. Rxe7+ Kxe7 30. Ke3 c5 31. Na4 1/2-1/2

[Event "Accession A 2019/2020"]
[Site "Vitrolles"]
[Date "2020.03.07"]
[Round "8"]
[White "Piquemal, Maxence"]
[Black "Beraud, Robert"]
[Result "1-0"]
[WhiteElo "1715"]
[BlackElo "1677"]
[PlyCount "91"]

1. d4 Nf6 2. c4 g6 3. Nc3 Bg7 4. e4 d6 5. Nf3 O-O 6. Be2 e5 7. O-O Nc6 8. d5
Ne7 9. b4 Nh5 10. c5 f5 11. cxd6 cxd6 12. Ne1 Nf6 13. Bf3 f4 14. a4 g5 15. h3
Ng6 16. Be2 h6 17. a5 Nh4 18. b5 Rf7 19. a6 b6 20. Nf3 Nxf3+ 21. Bxf3 Bf8 22.
Bh5 Rg7 23. Bg4 Bxg4 24. hxg4 Qc8 25. Qf3 Rc7 26. Bb2 Nxg4 27. Qh3 Rc4 28. Rac1
Nf6 29. Qxc8 Raxc8 30. f3 Ne8 31. Na2 Kf7 32. Kh2 Ke7 33. Nb4 Rxc1 34. Rxc1
Rxc1 35. Bxc1 Kd7 36. Nc6 Kc7 37. Nxa7 Bg7 38. Ba3 Bf8 39. Kh3 h5 40. g3 fxg3
41. Kxg3 Be7 42. Nc6 Bf6 43. Bc1 Kc8 44. Be3 Kc7 45. a7 Kb7 46. Bxb6 1-0

[Event "Accession A 2019/2020"]
[Site "Vitrolles"]
[Date "2020.03.07"]
[Round "8"]
[White "Colandrea, Sauveur"]
[Black "Mars, Fiona"]
[Result "0-1"]
[WhiteElo "1606"]
[BlackElo "1793"]
[PlyCount "80"]

1. Nf3 d5 2. c4 c6 3. e3 Nf6 4. b3 Bf5 5. Bb2 h6 6. Nc3 e6 7. d4 Nbd7 8. Bd3
Ne4 9. O-O Bd6 10. Qc2 Ndf6 11. Ne5 Bb4 12. Ne2 Bh7 13. f3 Nd6 14. Bxh7 Nxh7
15. a3 Ba5 16. Qd3 O-O 17. e4 Nf6 18. b4 Bc7 19. Ng3 dxc4 20. Qe2 c3 21. Bxc3
Nb5 22. Qe3 Nxc3 23. Qxc3 Bb6 24. Rfd1 Qe7 25. Nc4 Bc7 26. Qe3 Rfd8 27. Kh1 a6
28. Qf2 Ne8 29. Rac1 Nd6 30. Ne5 Nb5 31. a4 Nxd4 32. Nc4 e5 33. Ne2 Nxe2 34.
Qxe2 Qxb4 35. Qa2 Rxd1+ 36. Rxd1 Rd8 37. Rb1 Rd4 38. Ne3 Qxa4 39. Qb2 Qb5 40.
Qc2 Qd3 0-1

[Event "Accession A 2019/2020"]
[Site "Vitrolles"]
[Date "2020.03.07"]
[Round "8"]
[White "Vinet, Christophe"]
[Black "Roger, Patrick"]
[Result "1-0"]
[WhiteElo "1693"]
[BlackElo "1638"]
[PlyCount "79"]

1. e4 e6 2. d4 d5 3. Nc3 Nf6 4. Bg5 Be7 5. e5 Nfd7 6. Bxe7 Qxe7 7. f4 a6 8. Qg4
O-O 9. Bd3 c5 10. dxc5 Nxc5 11. O-O-O Nxd3+ 12. Rxd3 Nd7 13. Nf3 Nc5 14. Re3
Bd7 15. Nd4 b5 16. a3 Rab8 17. b4 Na4 18. Nxa4 bxa4 19. f5 exf5 20. Nxf5 Bxf5
21. Qxf5 Qe6 22. Qd3 Rfc8 23. Rd1 Qc6 24. Rd2 Rd8 25. Rh3 h6 26. g4 Qe6 27. Qf5
Re8 28. Qxe6 fxe6 29. Rf3 Rf8 30. Rdf2 Rxf3 31. Rxf3 Rf8 32. Rxf8+ Kxf8 33. Kd2
Kf7 34. Kd3 Kg6 35. Kd4 Kg5 36. Kc5 Kf4 37. Kb6 Kxe5 38. Kxa6 Kd6 39. b5 Kc7
40. Ka7 1-0